Powder Metallurgy Stainless Steels: Procesing, microstructures, and properties / (Record no. 564361)

000 -LEADER
fixed length control field 00423nam a2200133Ia 4500
008 - FIXED-LENGTH DATA ELEMENTS--GENERAL INFORMATION
fixed length control field 210430s9999 xx 000 0 und d
020 ## - INTERNATIONAL STANDARD BOOK NUMBER
International Standard Book Number 9780871708489
082 ## - DEWEY DECIMAL CLASSIFICATION NUMBER
Classification number 672.37 K631 P
100 ## - MAIN ENTRY--PERSONAL NAME
Personal name Erhard Klar, Prasan Samal
9 (RLIN) 127743
245 ## - TITLE STATEMENT
Title Powder Metallurgy Stainless Steels: Procesing, microstructures, and properties /
Statement of responsibility, etc. Erhard Klar
260 ## - PUBLICATION, DISTRIBUTION, ETC.
Place of publication, distribution, etc. Ohio
Name of publisher, distributor, etc. ASM International
Date of publication, distribution, etc. 2007
300 ## - PHYSICAL DESCRIPTION
Extent 243p.
942 ## - ADDED ENTRY ELEMENTS (KOHA)
Koha item type Book
Source of classification or shelving scheme
Holdings
Withdrawn status Lost status Source of classification or shelving scheme Damaged status Not for loan Permanent Location Current Location Shelving location Date acquired Full call number Barcode Date last seen Price effective from Koha item type
          School of Chemical & Materials Engineering (SCME) School of Chemical & Materials Engineering (SCME) General Stacks 07/11/6 672.37 K631 P SCME-3560 04/30/2021 04/30/2021 Book
© 2023 Central Library, National University of Sciences and Technology. All Rights Reserved.